书目信息 |
| 题名: |
考试脑科学
|
|
| 作者: | 池谷裕二 著 ;尤斌斌 译 | |
| 分册: | 2 记忆、压力、动机的脑科学真相 | |
| 出版信息: | 北京 人民邮电出版社 2023.01 |
|
| 页数: | 275页 | |
| 开本: | 21cm | |
| 丛书名: | ||
| 单 册: | ||
| 中图分类: | B842.3 | |
| 科图分类: | ||
| 主题词: | 记忆学--通俗读物 | |
| 电子资源: | ||
| ISBN: | 978-7-115-60286-2 | |
| 000 | 00857nam0 2200265 450 | |
| 001 | 004401270 | |
| 005 | 20251022210306.11 | |
| 010 | @a978-7-115-60286-2@dCNY59.80 | |
| 100 | @a20230321d2023 em y0chiy0120 ea | |
| 101 | 1 | @achi@cjpn |
| 102 | @aCN@b110000 | |
| 105 | @aa z 000yy | |
| 106 | @ar | |
| 200 | 1 | @a考试脑科学@9kao shi nao ke xue@h2@i记忆、压力、动机的脑科学真相@f(日)池谷裕二著@g尤斌斌译 |
| 210 | @a北京@c人民邮电出版社@d2023.01 | |
| 215 | @a275页@c图@d21cm | |
| 300 | @a图灵新知 | |
| 305 | @a由日本新潮社正式授权 | |
| 517 | 1 | @a记忆、压力、动机的脑科学真相@9ji yi 、 ya li 、 dong ji de nao ke xue zhen xiang |
| 606 | 0 | @a记忆学@j通俗读物 |
| 690 | @aB842.3@v5 | |
| 701 | 0 | @c(日)@a池谷裕二@9chi gu yu er@4著 |
| 702 | 0 | @a尤斌斌@9you bin bin@4译 |
| 801 | 0 | @aCN@c20250911 |
| 905 | @a河南城建学院图书馆@dB842.3@eC804:2@ZC804:2@f3 | |
| 考试脑科学.2.记忆、压力、动机的脑科学真相/(日)池谷裕二著/尤斌斌译.-北京:人民邮电出版社,2023.01 |
| 275页:图;21cm |
| 图灵新知 |
| ISBN 978-7-115-60286-2:CNY59.80 |
| ● |
| 相关链接 |
|
|
|
正题名:考试脑科学
索取号:B842.3/C804:2
 
预约/预借
| 序号 | 登录号 | 条形码 | 馆藏地/架位号 | 状态 | 备注 |
| 1 | 1636681 | 216366812 | 社科库509/509社科库 36排1列4层/ [索取号:B842.3/C804:2] | 在馆 | |
| 2 | 1636682 | 216366821 | 社科库509/509社科库 36排1列4层/ [索取号:B842.3/C804:2] | 在馆 | |
| 3 | 1636683 | 216366830 | 社科库509/509社科库 36排1列4层/ [索取号:B842.3/C804:2] | 在馆 |